PLANNING THE GOOD COMMUNITY: (Record no. 3513)

000 -LEADER
fixed length control field 00314nam a22001097a 4500
008 - FIXED-LENGTH DATA ELEMENTS--GENERAL INFORMATION
fixed length control field 151013b xxu||||| |||| 00| 0 eng d
020 ## - INTERNATIONAL STANDARD BOOK NUMBER
International Standard Book Number 0415700752
082 ## -
Classification number 307.768 GRA
100 ## - MAIN ENTRY--PERSONAL NAME
Personal name GRANT, JILL
245 ## - TITLE STATEMENT
Title PLANNING THE GOOD COMMUNITY:
Remainder of title NEW URBANISM IN THEORY AND PRACTICE
260 ## - PUBLICATION, DISTRIBUTION, ETC. (IMPRINT)
Place of publication, distribution, etc. LONDON:
Name of publisher, distributor, etc. ROUTLEDGE,
Date of publication, distribution, etc. 2006.
Holdings
Withdrawn status Lost status Damaged status Not for loan Date acquired Total Checkouts Date last seen Price effective from
        13/10/2015   13/10/2015 13/10/2015

IRDP © 2019 :: Managed by IRDP ICT Unit